Vehicles - Statistics

General Stats
  • This quiz has been taken 48 times
    39 since last reset
  • The average score is 37 of 260
Answer Stats
Hint Answer % Correct
Truck Lorry/Delivery Truck
63%
Watercraft Rowboat
63%
Aircraft Helicopter
57%
Aircraft Jet
57%
Aircraft Monoplane
57%
Bus School Bus
57%
Automobile (Car) Sedan
53%
Automobile (Car) Taxi Cab
53%
Automobile (Car) Coupé
50%
Personal Mobile Road Bicycle
50%
Personal Mobile Motorcycle
47%
Truck Sports Utility Vehicle
47%
Personal Mobile Kick Scooter
43%
Truck Pick-Up Truck
43%
Truck Van
43%
Watercraft Yacht
43%
Aircraft Commercial Airliner
40%
Watercraft Container Ship
40%
Watercraft Cruise/Passenger Ship
40%
Automobile (Car) Hatchback
40%
Automobile (Car) Police Car
40%
Automobile (Car) Sportscar
40%
Other Submarine
40%
Automobile (Car) Convertible
37%
Animal Horse
37%
Other Tank
37%
Truck Fire Truck
33%
Automobile (Car) Minivan
33%
Watercraft Personal Watercraft
33%
Machine Tractor
33%
Personal Mobile Tricycle
33%
Other Ambulance
30%
Watercraft Canoe
30%
Machine Crane
30%
Bus Double-Decker Bus
30%
Automobile (Car) Race Car
30%
Personal Mobile Skateboard
30%
Rail/Cable Trolley/Tram/Streetcar
30%
Other Wagon
30%
Truck Articulated Lorry/Semi-Truck
27%
Machine Bulldozer
27%
Rail/Cable Bullet Train
27%
Truck Dump Truck
27%
Watercraft Ferry
27%
Aircraft Fighter Jet
27%
Aircraft Hot Air Balloon
27%
Watercraft Kayak
27%
Bus Minibus
27%
Personal Mobile Moped
27%
Automobile (Car) Off-Road
27%
Rail/Cable Subway
27%
Watercraft Aircraft Carrier
23%
Personal Mobile All-Terrain Vehicle
23%
Rail/Cable Cable Car
23%
Animal Elephant
23%
Other Elevator
23%
Wearable Ice Skates
23%
Rail/Cable Metro
23%
Truck Monster Truck
23%
Watercraft Raft
23%
Other Rocket Ship
23%
Wearable Roller Blades
23%
Wearable Roller Skates
23%
Personal Mobile Sled
23%
Personal Mobile Unicycle
23%
Aircraft Biplane
20%
Personal Mobile Bobsled
20%
Animal Camel
20%
Aircraft Cargo Plane
20%
Truck Cement Truck
20%
Animal Donkey
20%
Personal Mobile Golf Cart
20%
Automobile (Car) Limousine
20%
Rail/Cable Locomotive
20%
Personal Mobile Mountain Bicycle
20%
Automobile (Car) Muscle Car
20%
Truck Recreational Vehicle
20%
Watercraft Sailboat
20%
Wearable Skis
20%
Personal Mobile Snowboard
20%
Other Spaceship
20%
Watercraft Speedboat
20%
Personal Mobile Surfboard
20%
Truck Tow Truck
20%
Automobile (Car) Auto Rickshaw
17%
Personal Mobile Bicycle Motocross
17%
Aircraft Blimp
17%
Truck Campervan
17%
Personal Mobile Dirt Bicycle
17%
Aircraft Glider
17%
Watercraft Lifeboat
17%
Wearable Parachute
17%
Animal Reindeer
17%
Personal Mobile Sleigh
17%
Automobile (Car) Station Wagon
17%
Personal Mobile Wheelchair
17%
Aircraft Bomber Plane
13%
Bus Coach Bus
13%
Machine Combine Harvester
13%
Fictional Dragon
13%
Truck Flatbed Truck
13%
Fictional Flying Car
13%
Truck Garbage Truck
13%
Animal Horse-Drawn Carriage
13%
Wearable Jetpack
13%
Personal Mobile Lawn Tractor
13%
Animal Mule
13%
Automobile (Car) Multi-Purpose Vehicle
13%
Personal Mobile Quadricycle
13%
Truck Recycling Truck
13%
Personal Mobile Self-Balancing Scooter
13%
Bus Shuttle Bus
13%
Watercraft Skiff
13%
Personal Mobile Snowmobile
13%
Truck Snow Plow
13%
Watercraft Steam Boat
13%
Fictional Unicorn
13%
Watercraft Warship
13%
Aircraft Zeppelin
13%
Machine Backhoe
10%
Truck Box Truck
10%
Personal Mobile Chopper Motorcycle
10%
Automobile (Car) Dune Buggy
10%
Personal Mobile Electric Scooter
10%
Machine Excavator
10%
Fictional Flying Saucer
10%
Machine Forklift
10%
Automobile (Car) Hot Rod
10%
Watercraft Hovercraft
10%
Truck Mail Truck
10%
Other Mobile Home
10%
Aircraft Paraglider
10%
Personal Mobile Spring End Hopping Stilt
10%
Truck Tanker
10%
Watercraft Tugboat
10%
Aircraft Agricultural Plane
7%
Other Armoured Personal Carrier
7%
Truck Bucket Truck
7%
Rail/Cable Coaster Train
7%
Watercraft Dhow
7%
Watercraft Dinghy
7%
Other Fire Engine
7%
Fictional Flying Carpet
7%
Other Foot
7%
Aircraft Hang Glider
7%
Watercraft House Boat
7%
Automobile (Car) Hypercar
7%
Truck Ice Resurfacer
7%
Aircraft Jumbo Jet
7%
Truck Logging Truck
7%
Truck Long Combination Vehicle
7%
Truck Military Truck
7%
Rail/Cable Monorail
7%
Watercraft Motor Boat
7%
Personal Mobile Motorized Wheelchair
7%
Bus Party Bus
7%
Machine Paver
7%
Personal Mobile Personal Transporter
7%
Personal Mobile Ride-On Car Toy
7%
Aircraft Seaplane
7%
Wearable Stilts
7%
Personal Mobile Stroller
7%
Bus Transit Bus
7%
Rail/Cable Trolleybus
7%
Animal Water Buffalo
7%
Animal Yak
7%
Rail/Cable Aerial Tramway
3%
Watercraft Airboat
3%
Other Amphibious Combat Vehicle
3%
Bus Articulated Bus
3%
Personal Mobile Baby Carriage/Pram
3%
Machine Bean Harvester
3%
Automobile (Car) Benz Patent-Motorwagen
3%
Fictional Besom/Broomstick
3%
Personal Mobile Bodyboard
3%
Watercraft Brig
3%
Watercraft Catamaran
3%
Bus Charter Bus
3%
Automobile (Car) Crossover Utility Vehicle
3%
Machine Cultivator
3%
Watercraft Dhoni
3%
Wearable Flippers
3%
Truck Food Truck
3%
Machine Front Loader
3%
Watercraft Gondola (Boat)
3%
Rail/Cable Gondola (Cableway)
3%
Machine Grab Excavator
3%
Machine Grader
3%
Rail/Cable Handcar
3%
Machine Hedge Trimmer
3%
Watercraft Junk
3%
Truck Leaf Collection Truck
3%
Rail/Cable Light Rail
3%
Automobile (Car) Light Utility Vehicle
3%
Truck Livestock Truck
3%
Automobile (Car) Micro
3%
Bus Microbus
3%
Bus Midibus
3%
Truck Milk Float
3%
Rail/Cable Minecart
3%
Machine Mining Machine
3%
Truck Mini Truck
3%
Machine Mobile Crane
3%
Personal Mobile Mobility Cart
3%
Personal Mobile Motor Scooter
3%
Truck Panel Truck
3%
Fictional Pegasus
3%
Personal Mobile Penny Farthing
3%
Machine Potato Harvester
3%
Truck Refrigerator Truck
3%
Machine Road Roller
3%
Wearable Roller Shoes
3%
Automobile (Car) Runabout
3%
Other Scissor Lift
3%
Machine Skid Steer Loader
3%
Machine Skip Loader
3%
Personal Mobile Tandem Bicycle
3%
Automobile (Car) Targa Top
3%
Machine Telescopic Handler
3%
Truck Vacuum Sweeper Truck
3%
Watercraft Yakatabune
3%
Personal Mobile Zip Line
3%
Fictional Ark
0%
Aircraft Autogyro
0%
Animal Bullock Carriage
0%
Watercraft Cabin Boat
0%
Truck Car Carrier
0%
Fictional Cloud-Stepping Boots
0%
Other Covered Wagon
0%
Watercraft Deck Boat
0%
Rail/Cable Diesel Engine
0%
Watercraft Dredger
0%
Truck Farm Truck
0%
Personal Mobile Gravity Racer/Soapbox Car
0%
Rail/Cable Hi-Rail Truck
0%
Personal Mobile Human Hamster Ball
0%
Personal Mobile Inner Tube
0%
Watercraft Jon Boat
0%
Watercraft Longship
0%
Watercraft Narrowboat
0%
Watercraft Outrigger
0%
Watercraft Pedal Boat
0%
Personal Mobile Pedicab/Cycle Rickshaw
0%
Machine Piling Rig
0%
Machine Pipelayer
0%
Watercraft Pontoon
0%
Fictional Poppin's Umbrella
0%
Other Pulled Rickshaw
0%
Fictional Seven-League Boots
0%
Bus Skoolie
0%
Other Submersible
0%
Rail/Cable Suspension Railway
0%
Aircraft Tandem-Rotor Helicopter
0%
Aircraft Tiltrotor
0%
Rail/Cable Tram Engine
0%
Watercraft Trawler Boat
0%
Aircraft Turboprop
0%
Other Wheelbarrow
0%
Fictional Winged Shoes
0%
Watercraft Xebec
0%
No matching quizzes found
Score Distribution
Percent of People with Each Score
Percentile by Number Answered
Your Score History
You have not taken this quiz since the last reset